• 首页
  • 本馆介绍
  • 公告通知
  • 最新文献
  • 馆藏检索
  • 电子资源
  • 读者荐购
  • 参考咨询
  • CALIS
  • 我的图书馆
  • 登录
  • 详细信息显示
  • 放入我的书架
  • 预约/预借图书
  • 作者相关作品
  • 分类相关作品
  • 丛书相关作品
  • 出版社相关作品

书目信息

  • 表格格式
  • 工作单格式
  • 卡片格式
题名:
暖通空调施工图设计与审查疑难问题解答
    
 
作者: 赵民 , 徐博荣 , 张欧 主编
分册:  
出版信息: 北京   中国建筑工业出版社  2024.09
页数: 133页
开本: 26cm
丛书名:
单 册:
中图分类: TU83
科图分类:
主题词: 采暖设备--cai nuan she bei--建筑安装--工程施工--建筑制图--基本知识 , 通风设备--tong feng she bei--建筑安装--工程施工--建筑制图--基本知识 , 空气调节设备--kong qi tiao jie she bei--建筑安装--工程施工--建筑制图--基本知识
电子资源:
ISBN: 978-7-112-30152-2
 
 
 
 
 
000 01164nam0 2200277 450
001 89682
005 20250814183641.63
010    @a978-7-112-30152-2@dCNY52.00
100    @a20241014d2024 em y0chiy50 ea
101 0  @achi
102    @aCN@b110000
105    @aa z 000yy
106    @ar
200 1  @a暖通空调施工图设计与审查疑难问题解答@Anuan tong kong tiao shi gong tu she ji yu shen cha yi nan wen ti jie da@f赵民, 徐博荣, 张欧主编
210    @a北京@c中国建筑工业出版社@d2024.09
215    @a133页@c图@d26cm
330    @a本书分11章, 主要内容是: 1供暖 ; 2通风 ; 3空调 ; 4冷热源 ; 5消声与绝热 ; 6绿色建筑与节能 ; 7防烟排烟与通风空调防火措施 ; 8人防通风 ; 9软件应用 ; 10设计文件深度 ; 11其他。
606 0  @a采暖设备@Acai nuan she bei@x建筑安装@x工程施工@x建筑制图@x基本知识
606 0  @a通风设备@Atong feng she bei@x建筑安装@x工程施工@x建筑制图@x基本知识
606 0  @a空气调节设备@Akong qi tiao jie she bei@x建筑安装@x工程施工@x建筑制图@x基本知识
690    @aTU83@v5
701  0 @a赵民@Azhao min@4主编
701  0 @a徐博荣@Axu bo rong@4主编
701  0 @a张欧@Azhang ou@4主编
801  0 @aCN@c20250909
905    @a河南城建学院图书馆@dTU83@eZ315@f1
    
    暖通空调施工图设计与审查疑难问题解答/赵民, 徐博荣, 张欧主编.-北京:中国建筑工业出版社,2024.09
    133页:图;26cm
    
    
    ISBN 978-7-112-30152-2:CNY52.00
    本书分11章, 主要内容是: 1供暖 ; 2通风 ; 3空调 ; 4冷热源 ; 5消声与绝热 ; 6绿色建筑与节能 ; 7防烟排烟与通风空调防火措施 ; 8人防通风 ; 9软件应用 ; 10设计文件深度 ; 11其他。
●
相关链接 在E读中查询图书 在当当中查询图书 在豆瓣中查询图书


正题名:暖通空调施工图设计与审查疑难问题解答     索取号:TU83/Z315         预约/预借

序号 登录号 条形码 馆藏地/架位号 状态 备注
1 1623644   216236446   建筑库201/201建筑库 51排4列1层/ [索取号:TU83/Z315] 在馆    
河南城建学院图书馆 欢迎您!
大连网信软件有限公司© 版权所有